00271nam a2200097 4500082002200000100001700022245005200039260004900091300000900140650002400149 aTNC B136x547 M687 aMishra, G.P. aDynamics of rural development in village India  aNew Delhi bAshiksh Publication house c1982 a87p. aDairy forms - India